000 00450nmm a2200145Ia 4500
008 251105s9999||||xx |||||||||||||||||und||
041 _afre
100 _aD. M. A. Magnan
245 2 _aA la recherche de la vérité révélée :
_b Essai d´apologétique chrétiene
264 _a[Madrid, España] :
_bCalambur,
_c2020
300 _a321 páginas
650 _aReligion(s)
856 _uhttps://public.digitaliapublishing.com/a/67307
942 _cCF
999 _c106695
_d106695